000 00500nam a2200193Ia 4500
005 20240823020952.0
008 240823s9999||||xx |||||||||||||| ||und||
020 _a81-7812-250-2
041 _aENGLISH
082 _A20
100 _aRavindra Pandey
245 0 _aUGC-NET/SLET : Library and Information Science Paper II and III
250 _a1st
260 _b"Ramesh,Pub "
_aNew Delhi
500 _aYES
650 _aLibrary & Information Science
_bGeneral
942 _cBK
999 _c175987
_d175987